000 00725nam a2200181 i 4500
001 88271
003 ES-MaACL
005 20230906175829.0
007 t|
008 050103m19721980sp ||||1| spa d
100 1 _aLaín Entralgo, Pedro,
_d1908-2001
_969681
245 1 0 _aHistoria universal de la Medicina /
_cdirigida por Pedro Laín Entralgo.
260 _aBarcelona, etc. :
_bSalvat,
_c1972-1980.
300 _a7 v. :
_bil. ;
_c30 cm.
505 8 _aContiene: T. I: Era pretécnica. -- T. II: Antigüedad Clásica. -- T. III: Edad Media. -- T. IV: Medicina moderna. -- T. V: Ilustración y romanticismo. -- T. VI: Positivismo. T. VII: Medicina actual
852 _aES-MaACL
_jL-6683-89
_bR.80867
999 _c88271
_d88271